Les enfants du peuple ou Les fils de leurs oeuvres / (Record no. 154846)

MARC details
000 -LEADER
campo de control de longitud fija 00644nam a22001815i 4500
001 - NÚMERO DE CONTROL
campo de control 154846
003 - IDENTIFICADOR DE NÚMERO DE CONTROL
campo de control ES-MaACL
005 - FECHA Y HORA DE LA ÚLTIMA TRANSACCIÓN
campo de control 20230906205857.0
008 - DATOS DE LONGITUD FIJA--INFORMACIÓN GENERAL
campo de control de longitud fija 040712q18251865fr a |||| | fre d
040 ## - FUENTE DE CATALOGACIÓN
Centro catalogador/agencia de origen CAM
Lengua de catalogación spa
Centro/agencia transcriptor CAM
100 1# - ENTRADA PRINCIPAL--NOMBRE DE PERSONA
Nombre de persona Guérin, Léon.
9 (RLIN) 127681
245 14 - MENCIÓN DEL TÍTULO
Título Les enfants du peuple ou Les fils de leurs oeuvres /
Mención de responsabilidad, etc. par Léon Guérin.
260 ## - PUBLICACIÓN, DISTRIBUCIÓN, ETC.
Lugar de publicación, distribución, etc. Paris :
Nombre del editor, distribuidor, etc. V\pe\s Louis Janet libraire,
Fecha de publicación, distribución, etc. [s.a.] (
Fabricante Imprimerie de Ducessois)
300 ## - DESCRIPCIÓN FÍSICA
Extensión [6], 192 p., [6] h. de lám. :
Otras características físicas il. ;
Dimensiones 16 cm.
596 ## - NOTA AL PIE DE IMPRENTA
NOTA AL PIE DE IMPRENTA Probablemente fechado entre 1830 y 1865.
740 41 - ENTRADA AGREGADA--TÍTULO RELACIONADO/ANALÍTICO NO CONTROLADO
Título relacionado o analítico no controlado Les fils de leurs oeuvres.
852 ## - LOCALIZACIÓN
Ubicación ES-MaACL
Número de control de estantería D-3817
Nota libre -- Sin enc.
Holdings
Estatus retirado Estado de pérdida Estado de daño No para préstamo Biblioteca de origen Biblioteca actual Ubicación en estantería Fecha de adquisición Fuente de adquisición Total de préstamos Signatura topográfica completa Código de barras Visto por última vez Precio de reemplazo Tipo de ítem Koha
        Biblioteca del Ateneo de Madrid Biblioteca del Ateneo de Madrid Sala Valle Inclán 17/01/2008     D-3817 901161969 23/02/2023 23/02/2023 Libro impreso